[Event "SF Deizisau 2 - SG Schwäbisch Gmünd 1"]
[Site "Oberliga 2019/2020"]
[Date "2019.11.10"]
[Time "10:00:00"]
[Round "3"]
[White "Velicka, Petr"]
[Black "Dabo-Peranic, Robert"]
[WhiteElo "2418"]
[BlackElo "2322"]
[WhiteTeam "SG Schwäbisch Gmünd 1"]
[BlackTeam "SF Deizisau 2"]
[Board "1"]
[Result "1/2-1/2"]

1.e4 e5 2.Nf3 Nc6 3.Bc4 Nf6 4.d3 Bc5 5.O-O O-O 6.Bg5 h6 7.Bh4
g5 8.Bg3 d6 9.Nbd2 Nd4 10.Nxd4 Bxd4 11.c3 Bb6 12.Bb3 h5 13.h3
h4 14.Bh2 g4 15.hxg4 Bxg4 16.Qe1 Nh5 17.Bd1 Qg5 18.Bxg4 Qxg4
19.Qd1 Qg6 20.Nc4 f5 21.Qf3 f4 22.a4 a6 23.Nxb6 cxb6 24.Qh3 Rf7
25.f3 Rg7 26.Rf2 Rf8 27.Kf1 Qf7 28.Ke1 Nf6 29.Rd2 Qe8 30.Kd1
Kf7 31.Kc2 Qe6 32.Qxe6+ Kxe6 33.Rh1 Rfg8 34.Bg1 Rxg2 35.Bf2 Rh8
36.Rxh4 Rh7 37.Rxh7 Nxh7 38.Bxb6 Rg3 39.Rh2 Ng5 40.Bf2 Nxf3 41.Rh6+
Kd7 42.Kd1 Rg7 43.b4 Ng5 44.Ke2 Rh7 45.Rxh7+ Nxh7 46.Bh4 b5 47.a5
Nf8 48.Kf3 Ng6 49.Bg5 Ne7 50.Kg4 Nc6 51.Kf5 Ne7+ 52.Kf6 Nc6 53.Bh4
Ne7 54.Be1 Nc6 55.Bf2 Ne7 56.Bb6 Nc6 57.Bg1 Ne7 58.Bf2 Nc6 59.Kf5
Ne7+ 60.Kg4 Nc6 61.d4 exd4 62.Bxd4 Ke6 63.Kxf4 d5 64.Bh8 dxe4
65.Kxe4 Kd6 66.Bg7 Kc7 67.Kd5 Kb7 68.Kd6 Nb8 69.Bd4 Nc6 70.Bb6
Nb8 71.Ba7 Nc6 72.Be3 Nb8 73.Bf4 Nc6 74.Kc5 Na7 75.Be3 Nc6 76.c4
bxc4 77.Kxc4 Nxa5+ 78.bxa5 1/2-1/2

[Event "SF Deizisau 2 - SG Schwäbisch Gmünd 1"]
[Site "Oberliga 2019/2020"]
[Date "2019.11.10"]
[Time "10:00:00"]
[Round "3"]
[White "Köllner, Ruben Gideon"]
[Black "Jurek, Josef"]
[WhiteElo "2267"]
[BlackElo "2258"]
[WhiteTeam "SF Deizisau 2"]
[BlackTeam "SG Schwäbisch Gmünd 1"]
[Board "2"]
[Result "1-0"]

1.d4 Nf6 2.Bg5 e6 3.Nd2 h6 4.Bh4 c5 5.e4 cxd4 6.e5 g5 7.Bg3 Nd5
8.h4 Rg8 9.Bc4 b5 10.Bxd5 exd5 11.hxg5 hxg5 12.Ngf3 Nc6 13.Nb3
Qb6 14.Nfxd4 Nxd4 15.Nxd4 Bb7 16.Qd3 b4 17.O-O-O Bc5 18.Nf5 O-O-O
19.Rh7 Qe6 20.Qb5 Bf8 21.Nd4 Qg6 22.Qa5 a6 23.e6 d6 24.Rxf7 1-0

[Event "SF Deizisau 2 - SG Schwäbisch Gmünd 1"]
[Site "Oberliga 2019/2020"]
[Date "2019.11.10"]
[Time "10:00:00"]
[Round "3"]
[White "Weiss, Andreas"]
[Black "Bronznik, Valerij"]
[WhiteElo "2163"]
[BlackElo "2228"]
[WhiteTeam "SG Schwäbisch Gmünd 1"]
[BlackTeam "SF Deizisau 2"]
[Board "3"]
[Result "1-0"]

1.e4 c5 2.Nf3 Nc6 3.d4 cxd4 4.Nxd4 Nf6 5.Nc3 e5 6.Ndb5 d6 7.Bg5
a6 8.Na3 b5 9.Nd5 Be7 10.Bxf6 Bxf6 11.c3 Ne7 12.Nxe7 Bxe7 13.Be2
O-O 14.Nc2 Bb7 15.Bf3 d5 16.exd5 Bd6 17.Qd2 Qc7 18.g3 Rac8 19.O-O
f5 20.Bg2 Qf7 21.a4 Qh5 22.axb5 axb5 23.Qd1 Qg6 24.Qd3 Rc5 25.Nb4
e4 26.Qd4 Rc4 27.Qb6 Rc7 28.Ra7 Rff7 29.Qxb5 h5 30.Rd1 Kh7 31.Qe2
h4 32.Nc6 hxg3 33.hxg3 Bc5 34.Rxb7 Rxb7 35.b4 Bb6 36.c4 e3 37.c5
exf2+ 38.Qxf2 Ba7 39.Ne5 Qh5 40.Bf3 Qg5 41.d6 f4 42.Nxf7 Rxf7
43.Qh2+ Kg6 44.Be4+ Kf6 45.Qh4 1-0

[Event "SF Deizisau 2 - SG Schwäbisch Gmünd 1"]
[Site "Oberliga 2019/2020"]
[Date "2019.11.10"]
[Time "10:00:00"]
[Round "3"]
[White "Gustain, Marc"]
[Black "Denisow, Jewgeny"]
[WhiteElo "2136"]
[BlackElo "2131"]
[WhiteTeam "SF Deizisau 2"]
[BlackTeam "SG Schwäbisch Gmünd 1"]
[Board "4"]
[Result "1-0"]

1.e4 c5 2.Nc3 d6 3.d4 cxd4 4.Qxd4 a6 5.b3 Nc6 6.Qd2 Nf6 7.Bb2
e6 8.O-O-O Be7 9.Kb1 b5 10.f3 Bb7 11.Nge2 Rc8 12.Nf4 Qa5 13.g4
Ne5 14.Bg2 Qb6 15.g5 Nfd7 16.Nh5 O-O 17.f4 Ng4 18.Rde1 g6 19.Ng3
e5 20.Bh3 f5 21.Nd5 Bxd5 22.Qxd5+ Kh8 23.exf5 Ne3 24.Rxe3 Qxe3
25.fxg6 Qf2 26.Rc1 Qxf4 27.g7+ 1-0

[Event "SF Deizisau 2 - SG Schwäbisch Gmünd 1"]
[Site "Oberliga 2019/2020"]
[Date "2019.11.10"]
[Time "10:00:00"]
[Round "3"]
[White "Hönick, Andreas"]
[Black "Jelica, Mara"]
[WhiteElo "2102"]
[BlackElo "2106"]
[WhiteTeam "SG Schwäbisch Gmünd 1"]
[BlackTeam "SF Deizisau 2"]
[Board "5"]
[Result "1-0"]

1.d4 d5 2.c4 e6 3.Nc3 c5 4.cxd5 exd5 5.Nf3 Nc6 6.g3 c4 7.Bg2
Nf6 8.O-O Be7 9.Ne5 O-O 10.Bg5 Be6 11.f4 h6 12.Bxf6 Bxf6 13.f5
Bc8 14.Nxd5 Nxe5 15.dxe5 Bxe5 16.Qc2 Rb8 17.Rad1 Qg5 18.Qxc4
b5 19.Qc5 Bxb2 20.Ne7+ Kh7 21.Nc6 Bb7 22.Nxb8 Rxb8 23.Qxa7 Bxg2
24.Kxg2 Re8 25.Rf2 Qf6 26.Qd7 Ra8 27.Rd6 Qe5 28.f6 Qe4+ 29.Kh3
Bxf6 30.Rfxf6 Qxe2 31.Rxh6+ Kg8 32.Qd8+ Qe8 33.Qxe8+ Rxe8 1-0

[Event "SF Deizisau 2 - SG Schwäbisch Gmünd 1"]
[Site "Oberliga 2019/2020"]
[Date "2019.11.10"]
[Time "10:00:00"]
[Round "3"]
[White "Reindl, Arno"]
[Black "Brenner, Markus"]
[WhiteElo "1995"]
[BlackElo "2030"]
[WhiteTeam "SG Schwäbisch Gmünd 1"]
[BlackTeam "SF Deizisau 2"]
[Board "7"]
[Result "1/2-1/2"]

1.e4 c5 2.Nf3 e6 3.b3 a6 4.Bb2 Nc6 5.Be2 Nf6 6.e5 Nd5 7.O-O Be7
8.Re1 O-O 9.Bf1 f6 10.c4 Nf4 11.g3 Ng6 12.Bd3 Nh8 13.Na3 fxe5 1/2-1/2

[Event "SF Deizisau 2 - SG Schwäbisch Gmünd 1"]
[Site "Oberliga 2019/2020"]
[Date "2019.11.10"]
[Time "10:00:00"]
[Round "3"]
[White "Valkova, Anzhelika"]
[Black "Bader, Gerd"]
[WhiteElo "1960"]
[BlackElo "2000"]
[WhiteTeam "SF Deizisau 2"]
[BlackTeam "SG Schwäbisch Gmünd 1"]
[Board "8"]
[Result "1-0"]

1.d4 d6 2.c4 e5 3.dxe5 dxe5 4.Qxd8+ Kxd8 5.Nf3 f6 6.Nc3 c6 7.e4
Be6 8.Be3 Nd7 9.Rd1 Kc7 10.a3 a5 11.Na4 Nh6 12.h3 Nf7 13.c5 Be7
14.Nd2 f5 15.exf5 Bxf5 16.Nc4 Nf6 17.Nab6 Rad8 18.Rxd8 Rxd8 19.Nxa5
Nd5 20.Nxd5+ cxd5 21.b4 d4 22.Bc1 d3 23.Nc4 Rd4 24.Nd2 Bf6 25.g4
Bg6 26.Bg2 Ng5 27.Bb2 Rd8 28.h4 Ne6 29.g5 Be7 30.Bxe5+ Kc8 31.Nc4
Re8 32.Nb6+ Kd8 33.Bxb7 Bxc5 34.Nc4 Bd4 35.Bxd4 Nxd4+ 36.Ne3
Nc2+ 37.Kd2 Nd4 38.h5 Be4 39.Bxe4 Rxe4 40.Kxd3 Rf4 41.Nd5 Rg4
42.f4 Ne6 43.h6 g6 44.Rf1 Rg3+ 45.Ne3 Nc7 46.Rd1 Ke7 47.Ke4 Nb5
48.Nd5+ Ke6 49.a4 Nd6+ 50.Kd4 Ra3 51.Re1+ Kf5 52.a5 Ra4 53.Re7
Ra1 54.Rxh7 Rd1+ 55.Kc5 Ne4+ 56.Kc6 Rc1+ 57.Kb6 Ke6 58.Nc7+ Kd6
59.Nb5+ Ke6 60.Rc7 Rh1 61.Rc6+ Kd7 62.Rxg6 Ke7 63.a6 Kf7 64.Rg7+
Kf8 65.a7 Ra1 66.Nc7 Rxa7 67.Kxa7 Nc5 68.Rg8+ 1-0

[Event "Heilbronner SV 1 - SK Schmiden/Cannstatt 1"]
[Site "Oberliga 2019/2020"]
[Date "2019.11.10"]
[Time "10:00:00"]
[Round "3"]
[White "Trachtmann, Mark"]
[Black "Zuferi, Enis"]
[WhiteElo "2253"]
[BlackElo "2300"]
[WhiteTeam "SK Schmiden/Cannstatt 1"]
[BlackTeam "Heilbronner SV 1"]
[Board "1"]
[Result "1/2-1/2"]

1.d4 Nf6 2.c4 g6 3.Nd2 Bg7 4.e4 d6 5.Bd3 e5 6.d5 O-O 7.Ne2 Nbd7
8.O-O Nc5 9.Bc2 a5 10.Rb1 Bd7 11.b3 b5 12.a4 b4 13.Ng3 h5 14.Nf3
Bg4 15.Bg5 {(=)} Qd7 16.h3 Bxf3 17.Qxf3 Nh7 18.Bd2 Bf6 19.Bh6
Rfe8 20.Qe3 Qe7 21.Ne2 Bg5 22.Bxg5 Qxg5 23.Qxg5 Nxg5 24.f3 Nh7
25.h4 Nf6 26.Kf2 Re7 27.Rbd1 Rb8 28.Nc1 Kg7 29.Rfe1 Nfd7 30.Rg1
Rh8 31.Ne2 Nf6 32.Ng3 Rb8 1/2-1/2

[Event "Heilbronner SV 1 - SK Schmiden/Cannstatt 1"]
[Site "Oberliga 2019/2020"]
[Date "2019.11.10"]
[Time "10:00:00"]
[Round "3"]
[White "Kabisch, Thilo"]
[Black "Bach, Edwin"]
[WhiteElo "2326"]
[BlackElo "2175"]
[WhiteTeam "Heilbronner SV 1"]
[BlackTeam "SK Schmiden/Cannstatt 1"]
[Board "2"]
[Result "0-1"]

1.e4 c6 2.d4 d5 3.Nd2 dxe4 4.Nxe4 Nd7 5.Bc4 Ngf6 6.Ng5 e6 7.Ne2
h6 8.Nf3 Bd6 9.Bf4 Qc7 10.Qd2 O-O 11.O-O Rd8 12.Rfe1 b6 13.Rad1
Bb7 14.Bxd6 Qxd6 15.Nf4 Nf8 16.Ne5 Re8 17.Re3 c5 18.c3 cxd4 19.Qe2
Qc7 20.Rxd4 Rad8 21.Rxd8 Qxd8 22.Nxf7 Kxf7 23.Rxe6 Nxe6 24.Bxe6+
Ke7 25.Bb3+ Kd6 26.Qd3+ Kc7 27.Qc4+ Kb8 28.Ne6 Qd6 29.f3 Bd5
{ZÜ} 0-1

[Event "Heilbronner SV 1 - SK Schmiden/Cannstatt 1"]
[Site "Oberliga 2019/2020"]
[Date "2019.11.10"]
[Time "10:00:00"]
[Round "3"]
[White "Niklasch, Oliver"]
[Black "Schmidt, Tobias"]
[WhiteElo "2229"]
[BlackElo "2250"]
[WhiteTeam "SK Schmiden/Cannstatt 1"]
[BlackTeam "Heilbronner SV 1"]
[Board "3"]
[Result "1/2-1/2"]

1.c4 e6 2.Nc3 Nf6 3.e4 d5 4.e5 d4 5.exf6 dxc3 6.bxc3 Qxf6 7.Nf3
b6 8.d4 Bb7 9.Bd3 h6 10.O-O Bxf3 11.Qxf3 Qxf3 12.gxf3 Nd7 13.f4
Bd6 14.f5 1/2-1/2

[Event "Heilbronner SV 1 - SK Schmiden/Cannstatt 1"]
[Site "Oberliga 2019/2020"]
[Date "2019.11.10"]
[Time "10:00:00"]
[Round "3"]
[White "Degenhard, Simon"]
[Black "Krockenberger, Martin"]
[WhiteElo "2188"]
[BlackElo "2149"]
[WhiteTeam "Heilbronner SV 1"]
[BlackTeam "SK Schmiden/Cannstatt 1"]
[Board "4"]
[Result "0-1"]

1.d4 Nf6 2.c4 e6 3.Nc3 d5 4.Bg5 Be7 5.e3 Nbd7 6.Nf3 h6 7.Bh4
O-O 8.Qc2 b6 9.cxd5 exd5 10.Bd3 Bb7 11.O-O Re8 12.Rad1 a6 13.Ne5
Nxe5 14.dxe5 Ng4 15.Bg3 Bh4 16.Bh7+ Kh8 17.Bf5 Bxg3 18.hxg3 Nxe5
19.Nxd5 Bxd5 20.e4 c6 21.exd5 cxd5 22.Be4 Rc8 23.Qa4 Rc4 0-1

[Event "Heilbronner SV 1 - SK Schmiden/Cannstatt 1"]
[Site "Oberliga 2019/2020"]
[Date "2019.11.10"]
[Time "10:00:00"]
[Round "3"]
[White "Löhr, Markus"]
[Black "Pogan, Nikolas"]
[WhiteElo "2108"]
[BlackElo "2211"]
[WhiteTeam "SK Schmiden/Cannstatt 1"]
[BlackTeam "Heilbronner SV 1"]
[Board "5"]
[Result "1/2-1/2"]

1.d4 Nf6 2.c4 e6 3.g3 Bb4+ 4.Bd2 a5 5.Bg2 O-O 6.Nf3 b6 7.O-O
Bb7 8.Bg5 Be7 9.Qc2 Be4 10.Qc1 d6 11.Nc3 Bb7 12.Qc2 Nbd7 13.e4
e5 14.Rfd1 h6 15.Be3 Qb8 16.d5 Nc5 17.h3 Bc8 18.Kh2 Nh7 19.Nd2
h5 20.h4 f5 21.Bxc5 bxc5 22.exf5 Bxf5 23.Be4 g6 24.Nf1 Nf6 25.Bxf5
gxf5 26.f3 Nh7 27.Ne3 Qc8 28.Ne2 Kh8 29.Rg1 Qd7 30.Raf1 a4 31.f4
e4 32.Rb1 Bf6 33.Qd2 Rg8 34.Rg2 Rab8 35.Rgg1 Rg6 36.Rg2 Bg7 37.Rgg1
Nf6 38.Rg2 Rg8 39.Rbg1 Ng4+ 40.Nxg4 Rxg4 41.Rf1 Bf6 42.Rff2 Qg7
43.Kh1 Bxb2 44.Qc2 a3 45.Qb3 Bd4 46.Qxa3 Bxf2 47.Rxf2 Qa1+ 48.Kh2
Qe1 49.Qb2+ Kh7 50.Rg2 Qf1 51.Qf6 Qf3 52.Qxf5+ Kh6 53.Qf6+ R4g6
54.Qe7 Rb8 55.Ng1 1/2-1/2

[Event "Heilbronner SV 1 - SK Schmiden/Cannstatt 1"]
[Site "Oberliga 2019/2020"]
[Date "2019.11.10"]
[Time "10:00:00"]
[Round "3"]
[White "Dudek, Richard"]
[Black "Thoma, Christian"]
[WhiteElo "2163"]
[BlackElo "2156"]
[WhiteTeam "Heilbronner SV 1"]
[BlackTeam "SK Schmiden/Cannstatt 1"]
[Board "6"]
[Result "1-0"]

1.e4 c5 2.Nc3 d6 3.g3 Nc6 4.Bg2 g6 5.d3 Bg7 6.Be3 e5 7.Nh3 Nge7
8.O-O O-O 9.f4 Nd4 10.Qd2 Bg4 11.Nf2 Be6 12.Ncd1 Qd7 13.fxe5
Bxe5 14.c3 Ndc6 15.d4 cxd4 16.cxd4 Bc4 17.dxe5 Bxf1 18.exd6 Bxg2
19.dxe7 Qxe7 20.Kxg2 Rad8 21.Qe2 Rfe8 22.Nc3 Nd4 23.Bxd4 Rxd4
24.Rd1 Red8 25.Rxd4 Rxd4 26.Qe3 Qe5 27.Ng4 Qd6 28.Nd5 Rxd5 29.exd5
Qxd5+ 30.Kf2 Qxa2 31.Qe8+ Kg7 32.Qe5+ Kf8 33.Nf6 h5 34.Nh7+ Kg8
35.Nf6+ Kf8 36.Nd7+ Kg8 37.Nf6+ Kf8 38.Nd5 Kg8 39.Qb8+ Kg7 40.Qxb7
Qc4 41.Ne3 Qd4 42.Qb3 Qd2+ 43.Kg1 Qe1+ 44.Nf1 Qe2 45.Qc3+ Kg8
46.b3 a6 47.Ne3 h4 48.gxh4 Qf3 49.Qd4 Qe2 50.b4 Qf3 51.Nd5 f5
52.Nf6+ Kg7 53.Nh5+ Kf7 54.Qd7+ 1-0

[Event "Heilbronner SV 1 - SK Schmiden/Cannstatt 1"]
[Site "Oberliga 2019/2020"]
[Date "2019.11.10"]
[Time "10:00:00"]
[Round "3"]
[White "Eisele, Steffen"]
[Black "Tschlatscher, Thomas"]
[WhiteElo "2195"]
[BlackElo "2155"]
[WhiteTeam "SK Schmiden/Cannstatt 1"]
[BlackTeam "Heilbronner SV 1"]
[Board "7"]
[Result "1-0"]

1.e4 e5 2.f4 d5 3.exd5 e4 4.d3 Qxd5 5.Nc3 Bb4 6.Bd2 Bxc3 7.Bxc3
Nf6 8.dxe4 Qxe4+ 9.Qe2 O-O 10.Bxf6 Qxe2+ 11.Bxe2 gxf6 12.Bf3
Rd8 13.Ne2 c6 14.Kf2 Be6 15.Rhd1 Na6 16.a3 Nc5 17.g4 f5 18.g5
Kf8 19.Nd4 Rd7 20.Nxe6+ fxe6 21.b4 Rxd1 22.Rxd1 Na4 23.Rd7 Kg8
24.Rxb7 Nb2 25.Bxc6 Rd8 26.Bd7 Kf7 27.Rxa7 Kg6 28.Bxe6 Nd1+ 29.Kg3
Nc3 30.Rd7 Ne2+ 31.Kf2 Rxd7 32.Bxd7 Nxf4 33.b5 1-0

[Event "Heilbronner SV 1 - SK Schmiden/Cannstatt 1"]
[Site "Oberliga 2019/2020"]
[Date "2019.11.10"]
[Time "10:00:00"]
[Round "3"]
[White "Blum, Nicolas"]
[Black "Scheeff, Volker"]
[WhiteElo "2208"]
[BlackElo "2049"]
[WhiteTeam "Heilbronner SV 1"]
[BlackTeam "SK Schmiden/Cannstatt 1"]
[Board "8"]
[Result "0-1"]

1.e4 e6 2.d4 d5 3.Nd2 Be7 4.e5 c5 5.Qg4 Kf8 6.dxc5 h5 7.Qg3 Nc6
8.Ngf3 h4 9.Qf4 g5 10.Qe3 Nh6 11.Bd3 Ng4 12.Qe2 Qc7 13.Nb3 Rg8
14.Bd2 Ngxe5 15.O-O-O a5 16.a4 Bd7 17.Bb5 Nxf3 18.Qxf3 Ne5 19.Qe2
Bxb5 20.Qxb5 Nc4 21.Bc3 Bf6 22.Nd4 Kg7 23.b3 Qf4+ 24.Kb1 Na3+ 0-1

[Event "SV Nürtingen 1 - SV Jedesheim 1"]
[Site "Oberliga 2019/2020"]
[Date "2019.11.10"]
[Time "10:00:00"]
[Round "3"]
[White "Lukovic, Vladimir"]
[Black "Weigand, Bernhard"]
[WhiteElo "2273"]
[BlackElo "2195"]
[WhiteTeam "SV Jedesheim 1"]
[BlackTeam "SV Nürtingen 1"]
[Board "1"]
[Result "1-0"]

1.e4 e6 2.d4 d5 3.Nc3 Bb4 4.exd5 exd5 5.Bd3 Ne7 6.Nge2 Bf5 7.Ng3
Bxd3 8.Qxd3 Nbc6 9.O-O O-O 10.Nce2 Qd7 11.Nf4 Bd6 12.c3 Ng6 13.Nxg6
hxg6 14.Qb5 Bxg3 15.hxg3 a6 16.Qb3 Nd8 17.Bd2 c6 18.f3 Re8 19.Kf2
Ne6 20.Qc2 Nf8 21.g4 f6 22.g5 fxg5 23.Bxg5 Qf5 24.Qxf5 gxf5 25.Rae1
Ng6 26.f4 Kf7 27.g4 fxg4 28.Kg3 Rxe1 29.Rxe1 Re8 30.Rxe8 Kxe8
31.Kxg4 Kf7 32.Kf5 Nf8 33.Ke5 Ne6 34.Bh4 g6 35.Bg5 Ng7 36.Kd6
Nh5 37.a4 a5 38.Kc7 Ke6 39.Kxb7 Kf5 40.b4 axb4 41.cxb4 1-0

[Event "SV Nürtingen 1 - SV Jedesheim 1"]
[Site "Oberliga 2019/2020"]
[Date "2019.11.10"]
[Time "10:00:00"]
[Round "3"]
[White "Trussevich, Sergey"]
[Black "Mareck, Sascha"]
[WhiteElo "2314"]
[BlackElo "2106"]
[WhiteTeam "SV Jedesheim 1"]
[BlackTeam "SV Nürtingen 1"]
[Board "3"]
[Result "1-0"]

1.Nf3 Nf6 2.c4 g6 3.Nc3 Bg7 4.e4 d6 5.d4 O-O 6.Be2 e5 7.O-O Nc6
8.d5 Ne7 9.b4 a5 10.Ba3 b6 11.bxa5 Rxa5 12.Bb4 Ra8 13.a4 Ne8
14.Qb3 f5 15.a5 bxa5 16.Bxa5 fxe4 17.Nxe4 Nf5 18.c5 Qe7 19.Bd3
Kh8 20.Bb4 Rxa1 21.Rxa1 Nf6 22.Nfd2 Rd8 23.Nxf6 Qxf6 24.Ne4 Qh4
25.Ra8 Nd4 26.Qd1 dxc5 27.Bxc5 Bb7 28.g3 1-0

[Event "SV Nürtingen 1 - SV Jedesheim 1"]
[Site "Oberliga 2019/2020"]
[Date "2019.11.10"]
[Time "10:00:00"]
[Round "3"]
[White "Aring, Gerd"]
[Black "Anistratov, Dmitriy"]
[WhiteElo "2155"]
[BlackElo "2261"]
[WhiteTeam "SV Nürtingen 1"]
[BlackTeam "SV Jedesheim 1"]
[Board "4"]
[Result "1-0"]

1.d4 d6 2.Nf3 Nf6 3.c4 Nbd7 4.Nc3 c6 5.g3 e5 6.Bg2 Be7 7.O-O
O-O 8.Qc2 Re8 9.Rd1 Qc7 10.h3 exd4 11.Nxd4 Ne5 12.b3 Bf8 13.e4
Ng6 14.Be3 h5 15.Qe2 Qa5 16.Rac1 Bd7 17.Qd2 Qc7 18.Qe2 Qc8 19.h4
Ng4 20.Bg5 f6 21.Bd2 Be7 22.f3 N4e5 23.Qf1 Bd8 24.Nce2 Bb6 25.Kh2
f5 26.exf5 Bxf5 27.Nxf5 Qxf5 28.Nf4 Nxf4 29.Bxf4 Bc5 30.Rd2 Rf8
31.Rcd1 Rae8 32.Re2 a6 33.Bxe5 dxe5 34.Qe1 Ba7 35.f4 Bb8 36.Be4
Qf6 37.f5 Rd8 38.Red2 Rd4 39.Qe2 Qd6 40.Rd3 Qc7 41.Qxh5 Qe7 42.Re1
Rxd3 43.Bxd3 Rd8 44.Be4 Rd2+ 45.Re2 Rxe2+ 46.Qxe2 Ba7 47.Kh3
Qd6 48.Qh5 Qd7 49.Qg6 Kf8 50.h5 Be3 51.Kg4 Bh6 52.Qe6 Qe7 53.Qc8+
Kf7 54.Kf3 Kf6 {(=)} 55.c5 Kg5 56.Kg2 Kxh5 57.f6 Qxc5 58.Qh3+ 1-0

[Event "SV Nürtingen 1 - SV Jedesheim 1"]
[Site "Oberliga 2019/2020"]
[Date "2019.11.10"]
[Time "10:00:00"]
[Round "3"]
[White "Römer, Ulrich"]
[Black "Auch, Stefan"]
[WhiteElo "2167"]
[BlackElo "2013"]
[WhiteTeam "SV Jedesheim 1"]
[BlackTeam "SV Nürtingen 1"]
[Board "5"]
[Result "1-0"]

1.d4 d5 2.Nf3 Nf6 3.e3 e6 4.c4 c6 5.Nc3 Nbd7 6.Qc2 Be7 7.b3 b6
8.Bb2 Bb7 9.Bd3 c5 10.Qe2 h6 11.O-O O-O 12.Rad1 Qc7 13.Ne5 Nxe5
14.dxe5 Ne4 15.Bxe4 dxe4 16.Qg4 Qc6 17.Nb5 a6 18.Nd6 Rad8 19.Rd2
Ba8 20.a4 a5 21.Rfd1 Bb7 22.h4 Ba8 23.Bc3 Bb7 24.Kf1 Ba8 25.Ke2
Rd7 26.Rh1 Rfd8 27.Rh3 Bf8 28.Rg3 Kh7 29.Nxf7 Rxd2+ 30.Bxd2 Rd7
31.Qg6+ Kg8 32.Nxh6+ Kh8 33.Nf7+ Kg8 34.Ng5 Rxd2+ 35.Kxd2 Qd7+
36.Ke1 1-0

[Event "SV Nürtingen 1 - SV Jedesheim 1"]
[Site "Oberliga 2019/2020"]
[Date "2019.11.10"]
[Time "10:00:00"]
[Round "3"]
[White "Gold, Stefan"]
[Black "Engelhart, Achim"]
[WhiteElo "2013"]
[BlackElo "2011"]
[WhiteTeam "SV Nürtingen 1"]
[BlackTeam "SV Jedesheim 1"]
[Board "6"]
[Result "1/2-1/2"]

1.d4 d5 2.Nf3 e6 3.e3 c5 4.b3 Nf6 5.Bd3 Nc6 6.O-O Bd6 7.Bb2 O-O
8.Nbd2 b6 9.Ne5 Bb7 10.f4 Rc8 11.a3 Ne7 12.Qe2 Ne4 13.Rad1 1/2-1/2

[Event "SV Nürtingen 1 - SV Jedesheim 1"]
[Site "Oberliga 2019/2020"]
[Date "2019.11.10"]
[Time "10:00:00"]
[Round "3"]
[White "Bossinger, Patrick"]
[Black "Schwarz, Arnd-Rüdiger"]
[WhiteElo "2029"]
[BlackElo "2156"]
[WhiteTeam "SV Jedesheim 1"]
[BlackTeam "SV Nürtingen 1"]
[Board "7"]
[Result "1/2-1/2"]

1.e4 g6 2.d4 Bg7 3.Nf3 d6 4.h3 Nf6 5.Nc3 O-O 6.Be3 Nc6 7.Qd2
e5 8.dxe5 dxe5 9.Qxd8 Rxd8 10.Bc4 Nd4 11.O-O-O Ne8 12.Nxd4 exd4
13.Bg5 Rd7 14.Nd5 c6 15.Ne7+ Kf8 16.Nxc8 Rxc8 17.Be2 Nc7 18.Rhf1
Re8 19.Bd3 Ne6 20.Bd2 Kg8 21.b4 Nc7 22.Rfe1 b5 23.Kb2 Bf8 24.a3
a6 25.c4 dxc3+ 26.Bxc3 c5 27.bxc5 Bxc5 28.f4 Ne6 29.f5 Nf4 30.Bf1
Red8 31.Rxd7 Rxd7 32.Kc2 Bxa3 33.Ra1 b4 34.Be5 Nh5 35.f6 Rd8
36.g4 Re8 37.gxh5 Rxe5 38.Rd1 Re8 39.Bc4 gxh5 40.Rg1+ Kf8 41.Rg7
Rxe4 42.Rxf7+ Ke8 43.Bb3 Re2+ 44.Kd3 Rf2 45.Ke3 Rh2 46.Re7+ Kd8
47.Be6 Bc1+ 48.Kf3 Bg5 49.Rd7+ Ke8 50.Re7+ Kd8 51.Rd7+ Ke8 52.Re7+ 1/2-1/2

[Event "SC Böblingen 1 - SK Bebenhausen 1"]
[Site "Oberliga 2019/2020"]
[Date "2019.11.10"]
[Time "10:00:00"]
[Round "3"]
[White "Braun, Georg"]
[Black "Gähwiler, Gabriel"]
[WhiteElo "2295"]
[BlackElo "2394"]
[WhiteTeam "SK Bebenhausen 1"]
[BlackTeam "SC Böblingen 1"]
[Board "1"]
[Result "1-0"]

1.e4 c5 2.Nf3 d6 3.d4 cxd4 4.Nxd4 Nf6 5.Nc3 a6 6.Bg5 Nbd7 7.Qe2
b5 8.O-O-O Bb7 9.f4 Rc8 10.e5 Rxc3 11.exf6 gxf6 12.bxc3 fxg5
13.Nf5 e6 14.Nxd6+ Bxd6 15.Rxd6 Qc7 16.Qd2 gxf4 17.Be2 Ke7 18.Rd1
Bd5 19.Rxa6 Nb8 20.Ra3 Qc5 21.Kb2 Nc6 22.Qxf4 Rc8 23.Qg5+ Kf8
24.Qf6 Rb8 25.Bh5 e5 26.Rb3 Rb7 27.Bf3 e4 28.Qh8+ Ke7 29.Re1
Ra7 30.Bxe4 Bxb3 31.Bd5+ Kd6 32.Bxb3 Kc7 33.Qxh7 Kb6 34.Qd3 b4
35.Re4 bxc3+ 36.Qxc3 Qa3+ 37.Kb1 Rd7 38.Qe3+ Kb7 39.Qc1 Qa5 40.Qe1
Qh5 41.Qe2 Qxh2 42.Qb5+ Kc7 43.Bd5 Qg1+ 44.Kb2 Qb6 45.Bxc6 Qxc6
46.Rc4 1-0

[Event "SC Böblingen 1 - SK Bebenhausen 1"]
[Site "Oberliga 2019/2020"]
[Date "2019.11.10"]
[Time "10:00:00"]
[Round "3"]
[White "Kuklin, Valentin"]
[Black "Bräuning, Rudolf Wilhelm"]
[WhiteElo "2335"]
[BlackElo "2246"]
[WhiteTeam "SC Böblingen 1"]
[BlackTeam "SK Bebenhausen 1"]
[Board "2"]
[Result "1-0"]

1.e4 c5 2.Nf3 Nc6 3.d4 cxd4 4.Nxd4 Nf6 5.Nc3 e5 6.Ndb5 d6 7.Bg5
a6 8.Na3 Be6 9.Nc4 Rc8 10.Nd5 Bxd5 11.Bxf6 Qxf6 12.Qxd5 Be7 13.c3
O-O 14.Be2 b5 15.Nb6 Rc7 16.O-O Rb8 17.Nd7 Rxd7 18.Qxc6 Ra7 19.b4
g6 20.a4 bxa4 21.Rxa4 Bd8 22.Rxa6 Rc7 23.Qd5 Rxc3 24.Rxd6 Qg5
25.Bc4 Qe7 26.Rd7 Qe8 27.Rxf7 Kh8 28.Re7 Bxe7 29.Qxe5+ Bf6 30.Qxf6# 1-0

[Event "SC Böblingen 1 - SK Bebenhausen 1"]
[Site "Oberliga 2019/2020"]
[Date "2019.11.10"]
[Time "10:00:00"]
[Round "3"]
[White "Carstens, Andreas"]
[Black "Ortmann, David"]
[WhiteElo "2107"]
[BlackElo "2339"]
[WhiteTeam "SK Bebenhausen 1"]
[BlackTeam "SC Böblingen 1"]
[Board "3"]
[Result "1/2-1/2"]

1.e4 e6 2.d4 d5 3.Nd2 c5 4.exd5 Qxd5 5.Ngf3 cxd4 6.Bc4 Qd7 7.O-O
Nc6 8.Nb3 Nf6 9.Nbxd4 Nxd4 10.Qxd4 Qxd4 11.Nxd4 {(=)} Bd7 12.Be2
Rc8 13.c4 Be7 14.Be3 O-O 15.Rfd1 a6 16.Bf3 Rxc4 17.Bxb7 Rb8 18.Bxa6
Ra4 19.Bf1 Rxb2 20.Ne2 Raxa2 21.Bd4 Rxa1 22.Rxa1 Rb7 23.Ra8+
Ne8 24.Ra7 Rxa7 25.Bxa7 Bb5 26.Nf4 Bxf1 27.Kxf1 Bd6 28.Ne2 f5
29.h3 Nf6 30.Bd4 e5 31.Bc3 Kf7 32.f3 Ke6 33.Bb2 h5 34.Bc1 Nd5
35.g4 fxg4 36.hxg4 hxg4 37.fxg4 Nf6 38.g5 Ne4 39.Kg2 Kf5 40.Kf3
g6 41.Be3 Be7 42.Bc1 Bxg5 43.Ba3 Bf4 44.Bb4 g5 45.Be1 Bd2 46.Bg3
g4+ 47.Kg2 Nc3 48.Ng1 e4 49.Bf2 Kf4 50.Bg3+ Kg5 51.Bf2 Kf5 52.Bd4
Nd5 53.Bf2 Be3 54.Bxe3 Nxe3+ 55.Kf2 Nd1+ 56.Ke2 Nb2 57.Ke3 Nc4+
58.Kd4 Nd6 59.Ne2 Nb5+ 60.Kc4 Nc7 61.Kd4 Ne6+ 62.Ke3 Nc5 63.Kd4
Ne6+ 64.Ke3 Ke5 65.Ng3 Nc5 66.Ne2 Kf5 67.Kd4 Nd7 68.Ng3+ Kf4
69.Nxe4 Ne5 70.Nf6 Nf3+ 71.Kc5 g3 72.Nh5+ Kg4 73.Nxg3 Kxg3 1/2-1/2

[Event "SC Böblingen 1 - SK Bebenhausen 1"]
[Site "Oberliga 2019/2020"]
[Date "2019.11.10"]
[Time "10:00:00"]
[Round "3"]
[White "Tran, Thanh Kien"]
[Black "Latzke, Boris"]
[WhiteElo "2138"]
[BlackElo "2188"]
[WhiteTeam "SC Böblingen 1"]
[BlackTeam "SK Bebenhausen 1"]
[Board "4"]
[Result "1/2-1/2"]

1.Nf3 Nf6 2.c4 e6 3.g3 d5 4.Bg2 Be7 5.O-O O-O 6.d4 dxc4 7.Qa4
a6 8.Qxc4 b5 9.Qc2 Bb7 10.Bg5 Be4 11.Qc1 Nbd7 12.Nbd2 Bb7 13.Bxf6
Bxf6 14.Qc2 Rc8 15.Ng5 Bxg5 16.Bxb7 Rb8 17.Bg2 c5 18.dxc5 Nxc5
19.Qxc5 Bxd2 20.Rfd1 Qa5 21.a3 Rfd8 22.Qa7 Qb6 23.Qxb6 Rxb6 24.Rac1
Rbd6 25.Rc6 Rxc6 26.Bxc6 Kf8 27.Bb7 a5 28.Ba6 b4 29.axb4 axb4
30.Bd3 Bg5 31.Ra1 Bf6 32.Ra4 Rb8 33.b3 Bc3 34.Ra7 {(=)} g6 35.h4
h5 36.Kg2 Rc8 37.Rb7 Ra8 38.Bc4 Rd8 39.Bd3 Rd5 40.Bc4 Re5 41.Rb5
Ke7 42.Rxe5 Bxe5 1/2-1/2

[Event "SC Böblingen 1 - SK Bebenhausen 1"]
[Site "Oberliga 2019/2020"]
[Date "2019.11.10"]
[Time "10:00:00"]
[Round "3"]
[White "Wendler, David"]
[Black "Müller, Ralf"]
[WhiteElo "2133"]
[BlackElo "2316"]
[WhiteTeam "SK Bebenhausen 1"]
[BlackTeam "SC Böblingen 1"]
[Board "5"]
[Result "1-0"]

1.e4 e5 2.Nf3 Nc6 3.Bb5 Nf6 4.d3 Bc5 5.c3 O-O 6.O-O d6 7.Bg5
h6 8.Bh4 g5 9.Bg3 Nh5 10.d4 Bb6 11.Nxe5 Nxg3 12.Nxc6 bxc6 13.Bxc6
Nxf1 14.Bxa8 Ba6 15.Bc6 Qf6 16.a4 d5 17.exd5 Qf4 18.g3 Qf5 19.Nd2
Nxh2 20.a5 Bxd4 21.cxd4 Qh3 22.b4 Bc8 23.d6 Bg4 24.Bg2 Qh5 25.f3
Bc8 26.g4 Bxg4 27.fxg4 Nxg4 28.Ra3 Qh2+ 29.Kf1 Qf4+ 30.Nf3 cxd6
31.Qd2 Qg3 32.Rc3 Nf6 33.Ne5 Qh4 34.Rh3 Ne4 35.Qe3 Ng3+ 36.Qxg3
Qxd4 37.Nd3 Kg7 38.Qe3 Qa1+ 39.Qc1 1-0

[Event "SC Böblingen 1 - SK Bebenhausen 1"]
[Site "Oberliga 2019/2020"]
[Date "2019.11.10"]
[Time "10:00:00"]
[Round "3"]
[White "Vujic, Branimir"]
[Black "Frick, Christoph"]
[WhiteElo "2249"]
[BlackElo "2092"]
[WhiteTeam "SC Böblingen 1"]
[BlackTeam "SK Bebenhausen 1"]
[Board "6"]
[Result "1-0"]

1.d4 d5 2.Bf4 Nf6 3.e3 e6 4.Nf3 c5 5.Nc3 a6 6.a3 Nc6 7.dxc5 Bxc5
8.Bd3 Bd6 9.Bxd6 Qxd6 10.e4 d4 11.Ne2 e5 12.O-O O-O 13.Ng3 Be6
14.Qd2 Rac8 15.Nh4 Ne7 16.Rae1 Ng6 17.Nxg6 fxg6 18.h3 Nd7 19.Ne2
Rf6 20.f4 Rcf8 21.fxe5 Qxe5 22.Rxf6 Qxf6 23.Nc1 Qh4 24.Rf1 Rxf1+
25.Kxf1 Ne5 26.Qf2 Qd8 27.Ne2 Nc6 28.b4 b5 29.Qg3 g5 30.Ng1 h6
31.Nf3 Qe7 32.Kg1 Bf7 33.Qf2 Qd6 34.Qe1 Qe7 35.Qa1 Qd6 36.a4
bxa4 37.Qxa4 Nxb4 38.e5 Qe7 39.Be4 Be8 40.Qa5 Bb5 41.Qb6 d3 42.cxd3
Bxd3 43.Bxd3 Nxd3 44.Qb3+ 1-0